| 000 | 00782nam a2200217 i 4500 | ||
|---|---|---|---|
| 001 | 14529 | ||
| 003 | ES-MaACL | ||
| 005 | 20250823063029.0 | ||
| 007 | t| | ||
| 008 | 981119s1998 sp ||||0| spa j | ||
| 040 |
_aM-BN _bspa _cM-BN |
||
| 080 | _a61:061.231(460.183 P.)(091) | ||
| 100 | 0 |
_aSánchez, José Luis, _d1962- _9102386 |
|
| 245 | 1 | 0 |
_aMedicina y colegiación en Palencia durante los siglos XIX y XX / _cJosé Luis Sánchez García. |
| 250 | _aEd. conmemorativa en el Centenario del Colegio Oficial de Médicos de Palencia. | ||
| 260 |
_a[León] : _bMIC, _c[1998] |
||
| 300 |
_a283 p. : _bil. col y n. ; _c30 cm. |
||
| 610 | 2 | 7 |
_aColegio Oficial de Médicos de Palencia- _vHistoria. _92976 |
| 852 |
_aES-MaACL _jL-21794 _bR.127036 |
||
| 999 |
_c14529 _d14529 |
||